History of mathematics

Guardat en:
Dades bibliogràfiques
Autor principal: Smith, D. E.
Format: Llibre
Idioma:Undetermined
Publicat: New York Dover Publications, Inc 1958
Matèries:
Etiquetes: Afegir etiqueta
Sense etiquetes, Sigues el primer a etiquetar aquest registre!
Thư viện lưu trữ: Trung tâm Học liệu Trường Đại học Cần Thơ
LEADER 00481nam a2200181Ia 4500
001 CTU_80073
008 210402s9999 xx 000 0 und d
082 |a 510.9 
082 |b S642/Vol.1 
100 |a Smith, D. E. 
245 0 |a History of mathematics 
245 0 |c D. E. Smith 
260 |a New York 
260 |b Dover Publications, Inc 
260 |c 1958 
650 |a Mathematics history 
904 |i Trọng Hải 
980 |a Trung tâm Học liệu Trường Đại học Cần Thơ